| Поле | Инд. | ПП | Название | Значение |
|---|---|---|---|---|
| Тип записи | a | |||
| Библиографический уровень | m | |||
| 001 | Контрольный номер | RU/LIBMSTU/317316447 | ||
| 005 | Дата корректировки | 20200520130221.3 | ||
| 008 | Кодируемые данные | 100128|||||||||ru |||||||||||000|||rus|| | ||
| 020 | a | ISBN | 978-5-91131-802-4 | |
| c | Цена, тираж | 220-00 | ||
| 040 | b | Код языка каталог. | rus | |
| 041 | 0_ | a | Код языка текста | rus |
| 084 | a | Индекс другой классификации/Индекс ББК | 65.208+65.03(2) | |
| 090 | a | Полочн. индекс | 65.20 | |
| x | Авторский знак | В 22 | ||
| 100 | 1_ | a | Автор | Вахитов К. И. |
| 245 | 10 | a | Заглавие | История потребительской кооперации России |
| b | Продолж. заглавия | учебник для вузов | ||
| 250 | a | Основные сведения об издании | 2-е изд. | |
| 260 | a | Место издания | Москва | |
| b | Издательство | Дашков и К | ||
| c | Дата издания | 2009 | ||
| 300 | a | Объем | 399, [1] с. | |
| 504 | a | Библиография | Библиогр.: с. 391-400 | |
| 650 | 14 | a | Основная рубрика | Потребительская кооперация-История-Учебные издания для высших учебных заведений |
| 651 | _4 | a | Географическое наименование | Россия |
| 653 | 0_ | a | Ключевые слова | История кооперации |
| a | Ключевые слова | Кооперативы | ||
| a | Ключевые слова | Кооперация | ||
| a | Ключевые слова | Международное кооперативное движение | ||
| a | Ключевые слова | Потребительская кооперация | ||
| a | Ключевые слова | Рыночное хозяйство | ||
| 901 | t | Тип документа | m | |
| 952 | b | Гриф литературы для ВШ | Рекомендовано Центрсоюзом РФ | |
| c | Вид литературы | учебник |